000 01810nam a22003377i 4500
003 OSt
005 20200511080701.0
008 200510t20192019enkaod g 001 0 eng d
020 _a9781788400268
_cRM55.90
_qpaperback
040 _aPPAK
_beng
_cPPAK
_erda
082 0 4 _223
_a573.86
090 0 0 _a573.86
_bDAV
_dG
100 1 _aDavid, Alfred,
_eauthor.
245 1 0 _aThe Secret Life of the BRAIN :
_bUnlocking the Mysteries of the Mind /
_cAlfred David ; Edited and designed by Tall Tree Limited
246 1 0 _aBrain
264 1 _aLondon :
_bCassell,
_c2019
264 4 _c©2019
300 _a192 pages :
_bcolour illustrations, colour photographs, charts ;
_c25 cm
336 _2rdacontent
_atext
337 _2rdamedia
_aunmediated
338 _2rdacarrier
_avolume
490 1 _aThe Secret Life of
500 _aIncludes index
520 _aIn the long history of the study of anatomy, neuroscience is a relatively new field, and there are plenty of mysteries yet to be uncovered. The Secret Life of the Brain explores the fascinating advances that have been made in the field so far, from the intricacies of memory and intelligence, to the enigmatic workings behind our sense of humour and our dreams. Full of illuminating illustrations and diagrams, this book lifts the lid on how drugs affect the brain; the science behind addiction; how the brain deals with trauma and pain; and the effects on the brain of love, age, and sex. Finally, you'll get a tantalising insight into the cutting-edge theories that are attempting to get behind the elements of neuroscience which we still can't quite explain.
650 1 0 _aBrain
_vPopular works
650 2 0 _aBrain
655 7 _aPopular works
710 2 _aTall Tree Limited,
_eeditor.
_edesigned.
830 0 _aThe secret life of
942 _2ddc
_cB
999 _c177024
_d177024